000
003170000a22001450004500
003
MACL
040
_a
MACL
090
_c
48335
_d
48333
100
_a
Sharma, Seema
245
_a
Medicinal Plants & Herbs of India
260
_a
Delhi
_b
Seema Sharma
_c
2011
350
_a
250
650
_a
Plants
942
_c
BOOK
_k
582/SHA
999
_c
47825
_d
47825